| 000 | 00586nac a22001811u 4500 | ||
|---|---|---|---|
| 008 | 100116s2002 -us|||||r|||| 00| 0 eng d | ||
| 020 | _a1928994512 | ||
| 082 |
_a005.276 _222 _bASP |
||
| 100 |
_a20080729 _910350 |
||
| 245 |
_aASP.NET: _bWeb developer's guide/ _cMesbah Ahmed...(et al). |
||
| 260 |
_aRockland, USA _bGlobal knowledge,2002 _c2002. |
||
| 300 |
_a695 p.: _bill.; _c24 cm. |
||
| 650 |
_aMicrosoft.net _910351 |
||
| 650 |
_aWeb sites _xdesign _910352 |
||
| 650 |
_aInternet programming _910353 |
||
| 700 |
_aAhmed, Mesbah _910354 |
||
| 942 |
_cBB _k005.276 ASP _2ddc |
||
| 999 |
_c455 _d455 |
||